000
00326 a2200157 4500
001
164752
020
_a
040
_c
Magnum
100
_a
Rodrigues, Rosicler Martins
240
1
0
_a
A vida da formiga
_l
por
245
1
0
_a
A vida da formiga
362
0
_a
1899
440
1
_a
Moderna
697
_a
SERES VIVOS
942
_c
BK
999
_c
164752
_d
164752